|
|
|
|
| LEADER |
01361nam a2200361 i 4500 |
| 001 |
38390 |
| 003 |
BD-DhAAL |
| 005 |
20241031092305.0 |
| 008 |
220413t20182019nyua b 001 0 eng d |
| 010 |
|
|
|a 2018039145
|
| 020 |
|
|
|a 9781260085419
|
| 020 |
|
|
|a 1260085414
|
| 020 |
|
|
|a 9781259912436
|
| 020 |
|
|
|a 1259912434
|
| 040 |
|
|
|a DLC
|b eng
|c DLC
|e rda
|d DLC
|d BD-DhAAL
|
| 042 |
|
|
|a pcc
|
| 050 |
0 |
0 |
|a HM585
|b .S324 2019
|
| 082 |
0 |
0 |
|a 301
|2 23
|
| 100 |
1 |
|
|a Schaefer, Richard T.,
|e author.
|9 48003
|
| 245 |
1 |
0 |
|a Sociology :
|b a brief introduction /
|c Richard T. Schaefer, DePaul University.
|
| 250 |
|
|
|a Thirteenth edition.
|
| 264 |
|
1 |
|a New York, NY :
|b McGraw-Hill Education,
|c 2019.
|
| 300 |
|
|
|a xxiv, 470 pages :
|b illustrations ;
|c 27 cm.
|
| 500 |
|
|
|a Revised edition of the author's Sociology : a brief introduction, [2016]
|
| 500 |
|
|
|a International student edition.
|
| 504 |
|
|
|a Includes bibliographical references (pages 403-440) and indexes.
|
| 526 |
|
|
|a ESS
|
| 541 |
|
|
|a Karim International
|e 38390
|
| 650 |
|
0 |
|a Sociology.
|9 48004
|
| 852 |
|
|
|a Ayesha Abed Library
|c General Stacks
|
| 942 |
|
|
|2 ddc
|c BK
|
| 999 |
|
|
|c 43999
|d 43999
|
| 952 |
|
|
|0 0
|1 0
|2 ddc
|4 0
|6 301_000000000000000_SCH
|7 0
|9 70417
|a BRACUL
|b BRACUL
|c GEN
|d 2022-04-07
|e Karim International
|g 4590.00
|l 13
|m 80
|o 301 SCH
|p 3010038390
|q 2026-05-19
|r 2026-03-07
|s 2026-03-07
|t 1
|v 4590.00
|w 2022-04-07
|y BK
|